Provinces of Panama - Map Quiz - Statistics

General Stats
  • This quiz has been taken 24 times
  • The average score is 9 of 14
Answers on the Map
Answers color-coded by a green-red scale on the quiz's map according to % correct below.
 
Answer Stats
Answer % Correct
Panamá
91%
Darién
73%
Emberá
64%
Guna Yala
64%
Los Santos
64%
Panamá Oeste
64%
Veraguas
64%
Bocas del Toro
55%
Chiriquí
55%
Coclé
55%
Colón
55%
Herrera
55%
Naso Tjër Di
55%
Ngöbe-Buglé
55%
No matching quizzes found
Score Distribution
Percent of People with Each Score
Percentile by Number Answered
Your Score History
You have not taken this quiz